000 00798nam a22002657a 4500
001 BR8106198
003 BR-BrBNA
005 20230928091054.0
007 ta
008 230509b bl.||||| |||| 00| 0 por d
040 _aBR-BrBNA
_bpor
_cBiblioteca Nacional de Agricultura
041 _a(Por)
072 _aP12; N10
_b4630
_b/G514
090 _ 4630 BR8106198
110 1 _aCompanhia Energetica de Sao Paulo, Sao Paulo (Brasil)
_92428
245 1 _aConjunto movel para irrigacao - cmi [Equipamento de irrigacao, eletrificacao rural, Brasil]
260 3 _aSao Paulo, SP (Brasil):
_c1981.
300 _a21 p.
500 _a7 illus.
650 _aEQUIPAMENTO DE IRRIGACAO
650 _aELETRIFICACAO RURAL
650 _aBOMBA D'AGUA
909 _a202309
_bLucia
_c55
_dLucia Elande
942 _cBK
999 _c32072
_d32072